000 00856nam a2200277 a 4500
001 000038374
003 000038374
005 20180403101103.0
008 130409s2006 dr 000 0 spa d
040 _aBPMSU
_bspa
_cBPMSU
082 4 _aRD863.44
_bJ76b
092 _a
100 1 _aJones, Johnny,
_d1958-
245 1 0 _aBautizo de cenizas :
_bnovela /
_cJohnny Jones.
260 _aSanto Domingo :
_bEditorial de Expresión,
_c2006
300 _a380 p. :
_bil.,
_c25 cm.
490 1 _aCaribe
_v1
500 _aIncluye datos biográficos del autor en la solapa de la cubierta
650 _aNOVELA DOMINICANA
650 _aLITERATURA DOMINICANA
830 0 _aCaribe ;
_n1
942 _2ddc
_cBK
945 _aTítulo remanejado para la BNPHU / 2017 VM
956 _aVMATEO
_b10
_c20150729
_lBPMSU
_h0069
956 _aValidado. Control de calidad MFF
999 _c7122
_d7122